000 00350nam a2200133 i 4500
001 bg
100 1 _aZIELNICA, Jerzy
245 0 _aStateczność powłok stożkowych w zakresie sprężysto-plastycznym /
_cJerzy Zielnica.
260 _aPoznań,
_c1987.
040 _cBPK
041 _apol
942 _cKS
008 s pl f |000 0 pol
999 _c23924
_d23924
856 _uhttp://koha.tu.koszalin.pl/cgi-bin/koha/opac-detail.pl?biblionumber=23924
_yKatalog online BPK